000 00255nam a22001097a 4500
008 160419b xxu||||| |||| 00| 0 eng d
020 _a0323025862
041 _aeng
080 _a618.2
245 1 0 _aFundamentals of nursing:
_cPotter Perry;
942 _2udc
_cBK
999 _c1435
_d1435